000
00266nam a2200097Ia 4500
008
190216s9999||||xx |||||||||||||| ||und||
100
_a
Krishna Kumar.S
245
0
_a
Cherukida Vyavasaya Vikasanam Keralathil
260
_b
The English Language Book Society
942
_c
BK
999
_c
37841
_d
37841